000 00732nam a2200229Ia 4500
003 OSt
005 20260202125429.0
008 210716s1996 xx 000 0 und d
020 _a8122408338
040 _cAIMIT LIBRARY
041 _aeng
082 _a370
_21
_bKUMK
100 _aKumar, K L.
_9253522
245 _aEducational technology :
_bpractical textbook for students teachers professionals and trainers /
_cBy K L Kumar.
250 _a1st ed.
260 _aNew Delhi :
_bNew Age International Pvt Ltd ,
_c1996.
300 _ax,331p. ;
_bPB
_c24.3 cm
650 _aBoards charts and handouts
_9253523
650 _aModels and realia
_9253524
650 _aProgrammed learning
_9253525
942 _2ddc
_cBK
_e1st
_k370 KUMK
999 _c183062
_d183062